000 00295nam a2200121Ia 4500
005 20251222141916.0
008 251222s9999||||xx |||||||||||||| ||spa||
082 _a657.63/P21
100 _aPalomino Selem, Carlos
245 0 _aContabilidad Gerencial y Financiera
264 _bUNMSM
942 _cLIB
999 _c8545
_d8545